[Event "Wroclaw-ch"]
[Site "Wroclaw"]
[Date "2003.??.??"]
[Round "9"]
[White "Hodowany, Wojciech"]
[Black "Zygadlo, Marcin"]
[Result "1-0"]
[WhiteElo "1800"]
[BlackElo "1800"]
[PlyCount "111"]
[EventDate "2003.??.??"]
[EventType "swiss"]
[EventRounds "9"]
[EventCountry "POL"]
[SourceTitle "EXT 2007"]
[Source "ChessBase"]
[SourceDate "2006.11.23"]
[SourceVersion "1"]
[SourceVersionDate "2006.11.23"]
[SourceQuality "1"]

1. d4 d5 2. c4 c6 3. Nf3 Nf6 4. Nc3 g6 5. e3 Bg7 6. cxd5 cxd5 7. Bb5+ Nc6 8. Ne5 Bd7 9. Nxd7 Qxd7 10. 0-0 0-0 11. Bd2 Qc7 12. Rc1 Rac8 13. a3 Qb8 14. Na4 Ne4 15. Nc5 Nxc5 16. Rxc5 e5 17. dxe5 Bxe5 18. Rxd5 a6 19. Be2 Bxb2 20. Qb3 Be5 21. Bf3 Rcd8 22. g3 Rxd5 23. Bxd5 Kg7 24. Rb1 Rd8 25. Bc3 Bxc3 26. Qxc3+ Qe5 27. Qxe5+ Nxe5 28. Bxb7 Rb8 29. Be4 Rxb1+ 30. Bxb1 Kf6 31. Kf1 Nc4 32. Bd3 Nxa3 33. Bxa6 Nc2 34. Ke2 Nb4 35. Bc4 h6 36. h4 Nc6 37. f4 Ne7 38. g4 Kg7 39. Kf3 f6 40. e4 g5 41. hxg5 hxg5 42. fxg5 fxg5 43. e5 Kg6 44. Ke4 Kg7 45. Kd4 Kf8 46. Kc5 Nc8 47. Ba6 Ne7 48. Kd6 Ng8 49. Ke6 Nh6 50. Be2 Kg7 51. Kd7 Nf7 52. e6 Ne5+ 53. Kd6 Ng6 54. e7 Kf7 55. Bc4+ Ke8 56. Bb5+ 1-0

[Event "Wroclaw-ch"]
[Site "Wroclaw"]
[Date "2003.??.??"]
[Round "5"]
[White "Zygadlo, Marcin"]
[Black "Bukowska, Katarzyna"]
[Result "0-1"]
[WhiteElo "1800"]
[BlackElo "2010"]
[PlyCount "36"]
[EventDate "2003.??.??"]
[EventType "swiss"]
[EventRounds "9"]
[EventCountry "POL"]
[SourceTitle "EXT 2007"]
[Source "ChessBase"]
[SourceDate "2006.11.23"]
[SourceVersion "1"]
[SourceVersionDate "2006.11.23"]
[SourceQuality "1"]

1. e4 e5 2. Nf3 Nc6 3. Bb5 a6 4. Ba4 Nf6 5. 0-0 Be7 6. Re1 b5 7. Bb3 0-0 8. c3 d5 9. exd5 Nxd5 10. Nxe5 Nxe5 11. Rxe5 Nf6 12. d4 Bd6 13. Re1 Ng4 14. g3 Nxh2 15. Bd5 Bxg3 16. fxg3 Qxd5 17. Kxh2 Bb7 18. Qe2 Rae8 0-1